| 000 | 00539nam a2200169Ia 4500 | ||
|---|---|---|---|
| 008 | 100917s9999 xx 000 0 und d | ||
| 082 | _b8915 | ||
| 100 | _aदारव्हेकर पुरूषोत्तम | ||
| 245 | _aकट्यार काळजात घुसली | ||
| 260 |
_b--- _c1970 |
||
| 365 | _b5 | ||
| 520 | _aनाटक | ||
| 630 | _aकट्यार काळजात घुसली | ||
| 650 | _aनाटक | ||
| 730 | _aकट्यार काळजात घुसली | ||
| 942 | _cBOOK | ||
| 999 |
_c614309 _d614306 |
||